Si Dios no existe... : Sobre Dios, el diablo, el pecado y otras preocupaciones de la llamada filosofía de la religión
Enregistré dans:
| Auteur principal: | |
|---|---|
| Format: | Livre |
| Langue: | Undetermined |
| Publié: |
Madrid, España
Editorial Tecnos
1985
|
| Sujets: | |
| Tags: |
Ajouter un tag
Pas de tags, Soyez le premier à ajouter un tag!
|
MARC
| LEADER | 00000nam a2200000Ia 4500 | ||
|---|---|---|---|
| 008 | 170316s9999 xx 000 0 und d | ||
| 090 | |a 100 K-18.2s | ||
| 100 | |a Kolakowski, Leszek | ||
| 245 | |a Si Dios no existe... : Sobre Dios, el diablo, el pecado y otras preocupaciones de la llamada filosofía de la religión | ||
| 260 | |a Madrid, España | ||
| 260 | |b Editorial Tecnos | ||
| 260 | |c 1985 | ||
| 300 | |a 231 páginas | ||
| 650 | |a FILOSOFÍA | ||
| 650 | |a DIOS | ||
| 650 | |a EROS - RELIGIÓN | ||
| 650 | |a LO SAGRADO - LA MUERTE | ||
| 650 | |a LOS TABÚES | ||
| 999 | |c 16641 |d 16641 | ||
| 040 | |a cru BVZT | ||
| 942 | |c 15 D |h 100 K-18.2s |2 z | ||
